[Event "Landsturneringen 1988"]
[Site "Asker, Akershus NOR"]
[Date "1988.07.12"]
[Round "4"]
[White "Lea, Per"]
[Black "Bjørkhaug, Kenneth"]
[Result "0-1"]
[WhiteElo "1712"]
[BlackElo "1567"]
[PlyCount "54"]
[EventDate "1988.07.10"]

1. e4 g6 2. d4 Bg7 3. c4 d6 4. Nc3 Nf6 5. Nf3 O-O 6. Be2 e5 7. d5 Nbd7 8. O-O
Ne8 9. b3 f5 10. Bb2 Ndf6 11. Nd2 f4 12. f3 g5 13. b4 h5 14. c5 Rf7 15. Qe1 Bh6
16. Nb3 Rg7 17. a4 g4 18. b5 Nh7 19. c6 b6 20. a5 h4 21. axb6 cxb6 22. Nd2 h3
23. g3 Nef6 24. Kh1 Nh5 25. gxf4 g3 26. hxg3 Nxg3+ 27. Kh2 Bxf4 0-1

[Event "Landsturneringen 1988"]
[Site "Asker, Akershus NOR"]
[Date "1988.07.13"]
[Round "5"]
[White "Sørensen, Stig"]
[Black "Lea, Per"]
[Result "1/2-1/2"]
[WhiteElo "1577"]
[BlackElo "1712"]
[PlyCount "39"]
[EventDate "1988.07.10"]

1. d4 d5 2. e4 dxe4 3. Nc3 Nf6 4. f3 exf3 5. Nxf3 Bg4 6. h3 Bh5 7. g4 Bg6 8.
Ne5 e6 9. Bg2 c6 10. O-O Be7 11. Bf4 O-O 12. h4 h6 13. h5 Bh7 14. g5 hxg5 15.
Bxg5 Nd5 16. Nxd5 Bxg5 17. Nf4 Bxc2 18. Qxc2 Qxd4+ 19. Qf2 Qxe5 20. Ng6 1/2-1/2

[Event "Landsturneringen 1988"]
[Site "Asker, Akershus NOR"]
[Date "1988.07.13"]
[Round "6"]
[White "Lea, Per"]
[Black "Johannesen, Kai Ingolf"]
[Result "1-0"]
[WhiteElo "1712"]
[BlackElo "1500"]
[PlyCount "55"]
[EventDate "1988.07.10"]

1. e4 c5 2. Nf3 e6 3. d4 cxd4 4. Nxd4 Nf6 5. Nc3 Nc6 6. Bg5 h6 7. Bh4 Bb4 8.
Ndb5 d6 9. a3 Bxc3+ 10. Nxc3 a6 11. Bxf6 gxf6 12. Qd2 Ke7 13. O-O-O Qc7 14. Bc4
Na5 15. Ba2 b5 16. Rhe1 Bb7 17. f4 Rad8 18. f5 Nc4 19. Qd4 Rd7 20. Rd3 Rc8 21.
Rh3 d5 22. exd5 e5 23. Rxh6 Nxa3 24. Qb4+ Rd6 25. Qxa3 a5 26. Qb3 Bxd5 27. Qxd5
Rxd5 28. Nxd5+ 1-0

[Event "Landsturneringen 1988"]
[Site "Asker, Akershus NOR"]
[Date "1988.07.14"]
[Round "7"]
[White "Nordal, Sven"]
[Black "Lea, Per"]
[Result "1/2-1/2"]
[WhiteElo "1626"]
[BlackElo "1712"]
[PlyCount "66"]
[EventDate "1988.07.10"]

1. Nc3 Nf6 2. e4 e5 3. Bc4 Bc5 4. d3 d6 5. Nf3 Bg4 6. Bg5 Nbd7 7. h3 Bh5 8. O-O
h6 9. Be3 Qe7 10. a3 O-O 11. Qe2 Bb6 12. Kh1 Nc5 13. g4 Bg6 14. Nh4 Ne6 15.
Bxe6 Qxe6 16. Bxb6 axb6 17. f4 exf4 18. Nxg6 fxg6 19. Rxf4 h5 20. Raf1 c6 21.
Qg2 Nd7 22. Rxf8+ Rxf8 23. Rxf8+ Kxf8 24. Qf2+ Ke7 25. Kg2 hxg4 26. Qh4+ Nf6
27. hxg4 Qxg4+ 28. Qxg4 Nxg4 29. Kf3 Ne5+ 30. Ke3 b5 31. Ne2 Kf6 32. b3 g5 33.
d4 Nf7 1/2-1/2

[Event "Landsturneringen 1988"]
[Site "Asker, Akershus NOR"]
[Date "1988.07.15"]
[Round "8"]
[White "Lea, Per"]
[Black "Berg, Anders Høyer"]
[Result "1/2-1/2"]
[WhiteElo "1712"]
[BlackElo "1672"]
[PlyCount "50"]
[EventDate "1988.07.10"]

1. e4 c5 2. Nf3 Nc6 3. d4 cxd4 4. Nxd4 e5 5. Nb5 a6 6. Nd6+ Bxd6 7. Qxd6 Qf6 8.
Qxf6 Nxf6 9. Nc3 d5 10. Nxd5 Nxd5 11. exd5 Nb4 12. Bd3 Nxd3+ 13. cxd3 O-O 14.
Be3 Rd8 15. d4 exd4 16. Bxd4 Rxd5 17. Bc3 Rg5 18. g3 Bh3 19. f4 Rd5 20. Rd1 Bg2
21. Rg1 Rad8 22. Rxd5 Bxd5 23. a3 Re8+ 24. Kd2 Bc4 25. Re1 Rxe1 1/2-1/2

[Event "Landsturneringen 1988"]
[Site "Asker, Akershus NOR"]
[Date "1988.07.16"]
[Round "9"]
[White "Pedersen, Øyvind"]
[Black "Lea, Per"]
[Result "1-0"]
[WhiteElo "1495"]
[BlackElo "1712"]
[PlyCount "87"]
[EventDate "1988.07.10"]

1. e4 e5 2. Nf3 Nc6 3. d4 exd4 4. Bc4 Nf6 5. O-O Be7 6. Re1 d6 7. c3 dxc3 8.
Nxc3 O-O 9. Bf4 Bg4 10. Qd3 Nb4 11. Qe2 a6 12. Rac1 Rc8 13. Red1 Qe8 14. e5
dxe5 15. Bxe5 Nc6 16. Rd3 Nxe5 17. Qxe5 Bd6 18. Qg5 h6 19. Qh4 Qc6 20. Ne2 Qb6
21. Rb3 Qa7 22. h3 Bxf3 23. Rxf3 Be7 24. Ng3 Qb6 25. Nf5 Qb4 26. a3 Qd2 27.
Nxe7+ Kh8 28. Rfc3 Rce8 29. Nf5 Re4 30. Qg3 Nh5 31. Qd3 Qf4 32. Qf3 Re5 33.
Qxf4 Nxf4 34. Ne3 f5 35. Bf1 c6 36. g3 Ne6 37. f4 Re4 38. Bg2 Rd4 39. Re1 Nc7
40. Rb3 Nb5 41. Rd1 Rxd1+ 42. Nxd1 Re8 43. Kf2 Rd8 44. Ne3 1-0

[Event "Landsturneringen 1984"]
[Site "Oslo NOR"]
[Date "1984.07.08"]
[Round "1"]
[White "Lea, Per"]
[Black "Brøndbo, Ivar"]
[Result "1-0"]
[WhiteElo "1784"]
[BlackElo "1789"]
[PlyCount "81"]
[EventDate "1984.07.08"]

1. e4 c5 2. Nf3 d6 3. d4 cxd4 4. Nxd4 Nf6 5. Nc3 a6 6. Bg5 e6 7. f4 Be7 8. Qf3
Qc7 9. O-O-O b5 10. Bd3 Bb7 11. Rhe1 Nc6 12. Nxc6 Bxc6 13. Bxf6 Bxf6 14. Nd5
Bxd5 15. exd5 e5 16. fxe5 Bxe5 17. Rxe5+ dxe5 18. d6 Qa7 19. d7+ Ke7 20. Bf5 g6
21. Qd5 Qc7 22. Re1 Kf6 23. Bg4 Rhf8 24. h4 h5 25. Bh3 Rab8 26. g4 hxg4 27.
Bxg4 Rb6 28. Rxe5 Kg7 29. Qd4 Kg8 30. h5 Rd6 31. Qe3 f5 32. Bf3 Qxd7 33. Re7
Qd8 34. Qe5 Rdf6 35. Bd5+ R6f7 36. Bxf7+ Rxf7 37. Re8+ Qxe8 38. Qxe8+ Kg7 39.
Qe5+ Kh6 40. hxg6 Kxg6 41. Qe6+ 1-0

[Event "Landsturneringen 1984"]
[Site "Oslo NOR"]
[Date "1984.07.09"]
[Round "2"]
[White "Kverndal, Leif"]
[Black "Lea, Per"]
[Result "1-0"]
[WhiteElo "1737"]
[BlackElo "1784"]
[PlyCount "43"]
[EventDate "1984.07.08"]

1. e4 e5 2. Nf3 Nc6 3. Bc4 Nf6 4. O-O Bc5 5. Nc3 d6 6. h3 Be6 7. d3 Bxc4 8.
dxc4 h6 9. Re1 O-O 10. Nd5 Nd7 11. c3 Ne7 12. b4 Bb6 13. Qd3 f5 14. Nxe7+ Qxe7
15. exf5 Qf6 16. c5 Bxc5 17. bxc5 Nxc5 18. Qc4+ Kh7 19. Be3 e4 20. Nd2 Qxf5 21.
Bxc5 dxc5 22. Qxe4 1-0

[Event "Landsturneringen 1984"]
[Site "Oslo NOR"]
[Date "1984.07.09"]
[Round "3"]
[White "Lea, Per"]
[Black "Antonsen, Frode"]
[Result "1-0"]
[WhiteElo "1784"]
[BlackElo "1728"]
[PlyCount "41"]
[EventDate "1984.07.08"]

1. e4 e6 2. d4 d5 3. Nc3 Bb4 4. e5 c5 5. a3 cxd4 6. Qxd4 Nc6 7. Bb5 Bxc3+ 8.
Qxc3 Bd7 9. Bxc6 Bxc6 10. Nf3 h6 11. Nd4 Rc8 12. Qg3 Ne7 13. O-O Ng6 14. Nxe6
fxe6 15. Qxg6+ Kd7 16. Qxg7+ Qe7 17. Bxh6 Rcg8 18. Qxe7+ Kxe7 19. Bf4 Rg4 20.
Bg3 Rhg8 21. Rfd1 1-0

[Event "Landsturneringen 1984"]
[Site "Oslo NOR"]
[Date "1984.07.10"]
[Round "4"]
[White "Moe-Nilssen, Nils-Erik"]
[Black "Lea, Per"]
[Result "1-0"]
[WhiteElo "1676"]
[BlackElo "1784"]
[PlyCount "51"]
[EventDate "1984.07.08"]

1. e4 e5 2. Nc3 Nf6 3. f4 d5 4. exd5 e4 5. d3 Bb4 6. dxe4 Nxe4 7. Qd4 Qh4+ 8.
g3 Bxc3+ 9. bxc3 Nxg3 10. hxg3 Qxh1 11. Qxg7 Rf8 12. Ba3 Nd7 13. O-O-O Qe4 14.
Nf3 Qe3+ 15. Kb2 Qb6+ 16. Ka1 c5 17. dxc6 Nc5 18. Re1+ Be6 19. Bxc5 Qxc5 20.
Rxe6+ Kd8 21. Qf6+ Kc8 22. cxb7+ Kxb7 23. Ba6+ Kb8 24. Rc6 Qd5 25. Rb6+ Kc7 26.
Rb7+ 1-0

[Event "Landsturneringen 1984"]
[Site "Oslo NOR"]
[Date "1984.07.11"]
[Round "5"]
[White "Lea, Per"]
[Black "Michelsen, Rudolf"]
[Result "1-0"]
[WhiteElo "1784"]
[BlackElo "1672"]
[PlyCount "65"]
[EventDate "1984.07.08"]

1. e4 c5 2. Nf3 d6 3. d4 cxd4 4. Nxd4 Nf6 5. Nc3 a6 6. Bg5 e6 7. f4 Be7 8. Qf3
Qc7 9. O-O-O b5 10. Bxf6 (10. e5 $1 Bb7 11. Qg3 Ne4 12. Nxe4 Bxe4 13. Bxe7 Qxe7
14. Qxg7 Qf8 (14... Rf8 $2 15. Bxb5+ axb5 16. Nxb5 d5 17. Nd6+ Kd7 18. Nxe4
Rxa2 19. Kb1 Ra4 20. Qxh7 Qb4 21. Nc3 Ra7 $18) 15. Qg5 Rg8 16. Qh5 Rg6 17. Bd3
Rh6 18. Qe2 Bxd3 19. Rxd3 d5 20. f5 $18) 10... gxf6 11. Bd3 Bb7 12. Qg3 (12.
Qh5 Kf8 13. Qh6+ Ke8) 12... Bf8 13. Rhe1 Nd7 14. f5 e5 15. Nd5 Bxd5 16. exd5
Nb6 17. Nc6 Kd7 18. Be4 Kc8 19. Rd3 Kb7 20. Na5+ Ka7 21. Qf2 Qd7 22. Rc3 h5 23.
Rc6 Rb8 24. Rd1 Bh6+ 25. Kb1 Rhg8 26. h3 Bf4 27. Rd3 h4 28. Rdc3 Rgc8 29. Qxh4
Bd2 30. Rxc8 Rxc8 31. Rxc8 Qxc8 32. Nc6+ Kb7 33. Qxf6 1-0

[Event "Landsturneringen 1984"]
[Site "Oslo NOR"]
[Date "1984.07.11"]
[Round "6"]
[White "Juul, Kjell"]
[Black "Lea, Per"]
[Result "1/2-1/2"]
[WhiteElo "1735"]
[BlackElo "1784"]
[PlyCount "47"]
[EventDate "1984.07.08"]

1. e4 e5 2. Nf3 Nc6 3. Bb5 a6 4. Ba4 Nf6 5. O-O Be7 6. Re1 b5 7. Bb3 O-O 8. c3
d5 9. exd5 Nxd5 10. Nxe5 Nxe5 11. Rxe5 Nf6 12. d4 Bd6 13. Re1 Ng4 14. g3 Nxh2
15. Qh5 Ng4 16. Bg5 Nf6 17. Qh4 h6 18. Bxf6 Qxf6 19. Qxf6 gxf6 20. Bd5 Rb8 21.
Nd2 f5 22. f4 c5 23. Nf3 Kg7 24. Ne5 1/2-1/2

[Event "Landsturneringen 1984"]
[Site "Oslo NOR"]
[Date "1984.07.12"]
[Round "7"]
[White "Lea, Per"]
[Black "Andersen, Reidar"]
[Result "0-1"]
[WhiteElo "1784"]
[BlackElo "1758"]
[PlyCount "80"]
[EventDate "1984.07.08"]

1. e4 e5 2. Nf3 Nc6 3. Bb5 a6 4. Ba4 Nf6 5. O-O Be7 6. Re1 b5 7. Bb3 O-O 8. c3
d5 9. exd5 Nxd5 10. Nxe5 Nxe5 11. Rxe5 Nf6 12. d4 Bd6 13. Re1 Ng4 14. h3 Nxf2
15. Kxf2 Qh4+ 16. Kf1 Bxh3 17. gxh3 Qxh3+ 18. Ke2 Rae8+ 19. Kd2 Qg2+ 20. Re2
Bf4+ 21. Kc2 Rxe2+ 22. Bd2 Rfe8 23. Bxf7+ Kxf7 24. Kb3 Qd5+ 25. Ka3 Bxd2 26.
Nxd2 Kg8 27. Nb3 Qg2 28. Rb1 Qf2 29. Qh1 Qg2 30. Qh5 c6 31. Nc5 a5 32. Nd7 Qg3
33. Ne5 R2xe5 34. dxe5 Rxe5 35. Qd1 Qg5 36. Qf3 Qe7+ 37. Kb3 Re2 38. a4 Qe6+
39. Ka3 b4+ 40. cxb4 Re3+ 0-1

[Event "Landsturneringen 1984"]
[Site "Oslo NOR"]
[Date "1984.07.13"]
[Round "8"]
[White "Heitmann, Per Kjell"]
[Black "Lea, Per"]
[Result "1/2-1/2"]
[WhiteElo "1778"]
[BlackElo "1784"]
[PlyCount "57"]
[EventDate "1984.07.08"]

1. d4 d5 2. Nc3 Bf5 3. f3 Nf6 4. Bg5 Nbd7 5. Nxd5 Nxd5 6. e4 Be6 7. exd5 Bxd5
8. c4 Be6 9. Bd3 c6 10. d5 cxd5 11. cxd5 Qa5+ 12. Bd2 Qxd5 13. Be4 Qb5 14. b4
Nf6 15. Bc2 Qe5+ 16. Kf2 g6 17. Ne2 Bg7 18. Bf4 Qd5 19. Ba4+ Bd7 20. Bxd7+ Qxd7
21. Qb3 O-O 22. Rhd1 Qe8 23. Rac1 Rc8 24. Rc7 Rxc7 25. Bxc7 Qc8 26. Rc1 Qd7 27.
Bg3 Rc8 28. Rxc8+ Qxc8 29. Qe3 1/2-1/2

[Event "Landsturneringen 1984"]
[Site "Oslo NOR"]
[Date "1984.07.14"]
[Round "9"]
[White "Sjøl, Henrik"]
[Black "Lea, Per"]
[Result "1/2-1/2"]
[WhiteElo "1737"]
[BlackElo "1784"]
[PlyCount "34"]
[EventDate "1984.07.08"]

1. d4 Nf6 2. Nf3 d5 3. c4 e6 4. g3 b6 5. Bg2 Bb7 6. Nc3 Be7 7. O-O O-O 8. Qc2
Nbd7 9. Rd1 Rc8 10. Bg5 h6 11. Bxf6 Nxf6 12. Rac1 c5 13. Qb1 Qe8 14. cxd5 Nxd5
15. Ne4 cxd4 16. Nxd4 Rxc1 17. Rxc1 Qd7 1/2-1/2

[Event "Landsturneringen 1980"]
[Site "Oslo NOR"]
[Date "1980.07.06"]
[Round "1"]
[White "Lea, Per"]
[Black "Moe, Rudolf"]
[Result "0-1"]
[WhiteElo "1701"]
[BlackElo "1560"]
[PlyCount "138"]
[EventDate "1980.07.06"]

1. e4 c5 2. Nf3 d6 3. d4 cxd4 4. Nxd4 Nf6 5. Nc3 a6 6. Bg5 e6 7. f4 Be7 8. Qf3
Qc7 9. O-O-O Nc6 10. Nb3 Rb8 11. a4 O-O 12. h4 Re8 13. h5 h6 14. Bh4 Nh7 15. g4
Bxh4 16. Rxh4 Nb4 17. Qg2 Qe7 18. Rh3 Bd7 19. Rg3 f6 20. Nd4 Rbc8 21. Bd3 Rc7
22. e5 Nxd3+ 23. Rdxd3 fxe5 24. fxe5 dxe5 25. Nf3 Bc6 26. Qe2 e4 27. Nxe4 Bxa4
28. Nc3 Bc6 29. Ne5 Ng5 30. Nxc6 Rxc6 31. Ne4 Rec8 32. Rc3 Nxe4 33. Rxc6 Rxc6
34. Qxe4 Qg5+ 35. Qe3 Qd5 36. Rg1 Rc8 37. Rd1 Qa2 38. Qa3 Qc4 39. Qd3 Qf4+ 40.
Kb1 Qxg4 41. Qd7 Rf8 42. Re1 Qxh5 43. Rxe6 Rf1+ 44. Ka2 Qa5+ 45. Kb3 Rf8 46.
Qxb7 Qb5+ 47. Qxb5 axb5 48. Re5 Rb8 49. Kc3 Kh7 50. Kd3 Kg6 51. Ke4 h5 52. Kf4
Rf8+ 53. Ke4 Rb8 54. Kf4 Kh6 55. Rc5 g6 56. Kg3 Rb6 57. Kh4 b4 58. Rc4 Rb5 59.
Rc6 Re5 60. Rc4 Re3 61. Rc6 Re4+ 62. Kg3 Rd4 63. Kh3 h4 64. b3 Re4 65. Rc4 Rxc4
66. bxc4 Kg5 67. c5 Kf6 68. Kxh4 Ke6 69. c6 Kd6 0-1

[Event "Landsturneringen 1980"]
[Site "Oslo NOR"]
[Date "1980.07.07"]
[Round "2"]
[White "Grimstad, Hallvard"]
[Black "Lea, Per"]
[Result "0-1"]
[WhiteElo "1443"]
[BlackElo "1701"]
[PlyCount "78"]
[EventDate "1980.07.06"]

1. e4 e5 2. Bc4 Nf6 3. d3 Bc5 4. Nf3 Nc6 5. a3 d6 6. Nc3 Be6 7. Nd5 Ng4 8. O-O
Ne7 9. Ng5 Bxd5 10. exd5 Nf6 11. Qf3 O-O 12. Be3 Bb6 13. Ne4 Nfxd5 14. Bg5 c6
15. Qg4 f5 16. Qh4 Rf7 17. Nc3 Qd7 18. Rae1 h6 19. Bd2 Rf6 20. Qh5 Kh7 21. Qf3
Nxc3 22. Bxc3 Ng6 23. g3 Raf8 24. Qe2 f4 25. g4 f3 26. Qe4 Rf4 27. h3 Rxe4 28.
dxe4 Rf4 29. Kh2 Rxg4 30. Rg1 Rh4 31. Rg3 Nf4 32. Bf1 Bxf2 33. Rxf3 Bxe1 34.
Bxe1 Rh5 35. Rg3 d5 36. Bd2 dxe4 37. Bxf4 exf4 38. Rc3 Qd2+ 39. Kh1 Qe1 0-1

[Event "Landsturneringen 1980"]
[Site "Oslo NOR"]
[Date "1980.07.07"]
[Round "3"]
[White "Lea, Per"]
[Black "Røtvold, Trygve"]
[Result "1/2-1/2"]
[WhiteElo "1701"]
[BlackElo "1600"]
[PlyCount "49"]
[EventDate "1980.07.06"]

1. e4 c5 2. Nf3 Nc6 3. d4 cxd4 4. Nxd4 d6 5. Nc3 Nf6 6. Bg5 h6 7. Bh4 g5 8. Bg3
Bg7 9. Nxc6 bxc6 10. e5 Ng4 11. exd6 O-O 12. Qd2 exd6 13. O-O-O d5 14. f3 Nf6
15. h4 g4 16. h5 Qb6 17. Bf4 Re8 18. Bxh6 Bxh6 19. Qxh6 Qe3+ 20. Qxe3 Rxe3 21.
Rd3 Re1+ 22. Rd1 Re5 23. h6 Bf5 24. Bd3 Bxd3 25. Rxd3 1/2-1/2

[Event "Landsturneringen 1980"]
[Site "Oslo NOR"]
[Date "1980.07.08"]
[Round "4"]
[White "Wold, Øyvind"]
[Black "Lea, Per"]
[Result "0-1"]
[WhiteElo "1596"]
[BlackElo "1701"]
[PlyCount "42"]
[EventDate "1980.07.06"]

1. e4 e5 2. Nf3 Nc6 3. Bb5 a6 4. Ba4 Nf6 5. O-O Be7 6. Re1 b5 7. Bb3 O-O 8. c3
d5 9. exd5 Nxd5 10. Nxe5 Nxe5 11. Rxe5 Nf6 12. d4 Bd6 13. Re2 Nh5 14. Re1 Qh4
15. g3 Nxg3 16. fxg3 Bxg3 17. hxg3 Qxg3+ 18. Kf1 Bh3+ 19. Ke2 Rae8+ 20. Kd2
Qf4+ 21. Kc2 Bf5+ 0-1

[Event "Landsturneringen 1980"]
[Site "Oslo NOR"]
[Date "1980.07.09"]
[Round "5"]
[White "Halvorsen, Harry"]
[Black "Lea, Per"]
[Result "1-0"]
[WhiteElo "1684"]
[BlackElo "1701"]
[PlyCount "61"]
[EventDate "1980.07.06"]

1. d4 d5 2. c4 e5 3. e3 exd4 4. Qxd4 Nf6 5. cxd5 Qxd5 6. Nf3 Nc6 7. Qxd5 Nxd5
8. a3 Bd6 9. Bd3 O-O 10. Bd2 Ne5 11. Nxe5 Bxe5 12. Be4 Bxb2 13. Ra2 Nf6 14.
Bxh7+ Kxh7 15. Rxb2 c5 16. f3 Rb8 17. Kf2 Be6 18. Bc3 Nd7 19. Nd2 b5 20. Ne4 f6
21. f4 a6 22. Rd1 c4 23. Bb4 Rfc8 24. Nc3 Nc5 25. Bxc5 Rxc5 26. Rd6 Bc8 27. Rd5
Rc6 28. e4 Be6 29. Rd4 Rcb6 30. Nd5 Rd6 31. Nxf6+ 1-0

[Event "Landsturneringen 1980"]
[Site "Oslo NOR"]
[Date "1980.07.09"]
[Round "6"]
[White "Valle, Knut"]
[Black "Lea, Per"]
[Result "0-1"]
[WhiteElo "1651"]
[BlackElo "1701"]
[PlyCount "58"]
[EventDate "1980.07.06"]

1. d4 d5 2. Nf3 Nf6 3. Bf4 e6 4. e3 c5 5. c3 Nc6 6. Bd3 c4 7. Bc2 Be7 8. Nbd2
O-O 9. h4 b5 10. Ne5 Bb7 11. g4 Nd7 12. Nxd7 Qxd7 13. g5 g6 14. h5 Kg7 15. Qg4
Bd6 16. Nf3 Qc7 17. Qg3 Bxf4 18. exf4 Ne7 19. Ne5 Nf5 20. Qh3 Rh8 21. h6+ Kf8
22. Bxf5 exf5 23. Kd2 Re8 24. Rhe1 Re6 25. Qe3 Ke7 26. Nxg6+ hxg6 27. Qh3 Qxf4+
28. Kd1 Rxe1+ 29. Kxe1 Qxg5 0-1

[Event "Landsturneringen 1980"]
[Site "Oslo NOR"]
[Date "1980.07.10"]
[Round "7"]
[White "Lea, Per"]
[Black "Granum, Roger"]
[Result "1-0"]
[WhiteElo "1701"]
[BlackElo "1584"]
[PlyCount "41"]
[EventDate "1980.07.06"]

1. e4 c5 2. Nf3 d6 3. d4 cxd4 4. Nxd4 Nf6 5. Nc3 a6 6. Bg5 e6 7. f4 Nbd7 8. Qf3
Be7 9. O-O-O O-O 10. Bc4 e5 11. Nf5 b5 12. Nd5 Nxd5 13. Bxd5 Bxg5 14. Bxa8
Bxf4+ 15. Kb1 Nb6 16. Rxd6 Qc7 17. Ne7+ Qxe7 18. Rxb6 Bg4 19. Qxg4 Rxa8 20.
Rxa6 Rb8 21. Rd1 1-0

[Event "Landsturneringen 1980"]
[Site "Oslo NOR"]
[Date "1980.07.11"]
[Round "8"]
[White "Hammerstad, Boye"]
[Black "Lea, Per"]
[Result "1/2-1/2"]
[WhiteElo "1687"]
[BlackElo "1701"]
[PlyCount "45"]
[EventDate "1980.07.06"]

1. d4 d5 2. Nf3 Nf6 3. g3 e6 4. Bg2 c5 5. c3 Nc6 6. Nbd2 Qb6 7. e3 Be7 8. O-O
O-O 9. Re1 cxd4 10. exd4 Bd7 11. Qc2 Rac8 12. Qd3 Na5 13. Ne5 Bb5 14. Qf3 Nd7
15. Nxd7 Bxd7 16. Qg4 Qc7 17. Qe2 Rfe8 18. Nf3 Nc4 19. Bf4 Bd6 20. Bxd6 Qxd6
21. Ne5 Bb5 22. Qh5 Re7 23. Nxc4 1/2-1/2

[Event "Landsturneringen 1980"]
[Site "Oslo NOR"]
[Date "1980.07.12"]
[Round "9"]
[White "Lea, Per"]
[Black "Skjold, Reidar"]
[Result "1-0"]
[WhiteElo "1701"]
[BlackElo "1649"]
[PlyCount "115"]
[EventDate "1980.07.06"]

1. e4 d6 2. d4 Nf6 3. Nc3 g6 4. Nf3 Bg7 5. Bc4 c5 6. dxc5 Qa5 7. O-O Qxc5 8.
Qd3 Bg4 9. Be3 Qh5 10. e5 dxe5 11. Bxf7+ Kxf7 12. Ng5+ Ke8 13. Qc4 Rf8 14. Qb5+
Nc6 15. Qxb7 Rc8 16. Nb5 Nd5 17. Ne4 Kf7 18. Ned6+ Kg8 19. Nxc8 Rxc8 20. Nxa7
Nxe3 21. fxe3 Nxa7 22. Qxa7 Qg5 23. c3 e4 24. Rf2 Bh6 25. Re1 Bg7 26. Qa4 Qd5
27. a3 Be5 28. Qc2 Bf5 29. Rd2 Qc5 30. Qb3+ Kg7 31. Rd5 Qc7 32. Qb5 Bxh2+ 33.
Kh1 Bd6 34. Qe2 Qc6 35. Red1 Qd7 36. Qa6 Rc6 37. Qa8 Kh6 38. Qf8+ Kg5 39. Qh8
h6 40. g4 Kxg4 41. Qxh6 Qe6 42. Kg2 Rb6 43. Rxd6 Rxb2+ 44. R6d2 Rxd2+ 45. Rxd2
Qe5 46. Qh3+ Kg5 47. Qg3+ Kf6 48. Qxe5+ Kxe5 49. a4 Bc8 50. a5 Ba6 51. Rd8 e6
52. Ra8 Bb7 53. Rb8 Ba6 54. Rb6 Bc4 55. a6 Bxa6 56. Rxa6 Kd5 57. Kg3 Kc4 58.
Rxe6 1-0

[Event "Landsturneringen 1975"]
[Site "Oslo NOR"]
[Date "1975.07.06"]
[Round "1"]
[White "Lea, Per"]
[Black "Hjulstad, Per"]
[Result "1/2-1/2"]
[WhiteElo "1718"]
[BlackElo "1870"]
[PlyCount "65"]
[EventDate "1975.07.06"]

1. e4 c5 2. Nf3 Nc6 3. d4 cxd4 4. Nxd4 e6 5. Nc3 a6 6. Be2 d6 7. Be3 Nf6 8. Qd2
Be7 9. O-O-O Qc7 10. g4 Nxd4 11. Qxd4 e5 12. Qa4+ Bd7 13. Bb5 Nxg4 14. Nd5 Qc8
15. Bxd7+ Qxd7 16. Qxd7+ Kxd7 17. Nb6+ Kc6 18. Nxa8 Nxe3 19. fxe3 Rxa8 20. Rd3
Rf8 21. Rc3+ Kd7 22. Rf1 g6 23. Kd2 f6 24. Rb3 Rb8 25. Ke2 Ke6 26. Rd1 Bd8 27.
Rg1 b6 28. h4 Rc8 29. Kd3 Kd7 30. c4 Ke6 31. Rc3 Be7 32. b4 Rc7 33. a4 1/2-1/2

[Event "Landsturneringen 1975"]
[Site "Oslo NOR"]
[Date "1975.07.07"]
[Round "2"]
[White "Birkestrand, Odd"]
[Black "Lea, Per"]
[Result "1-0"]
[WhiteElo "1894"]
[BlackElo "1718"]
[PlyCount "45"]
[EventDate "1975.07.06"]

1. e4 e5 2. Nf3 Nc6 3. Bc4 Nf6 4. Ng5 Bc5 5. Bxf7+ Ke7 6. Bd5 Rf8 7. O-O d6 8.
Bxc6 bxc6 9. Qe1 Qe8 10. c3 Qh5 11. d4 exd4 12. e5 Ng4 13. exd6+ Kxd6 14. h3
Ne5 15. Ne4+ Kd5 16. c4+ Kxc4 17. Nbd2+ Kd5 18. Nxc5 Kxc5 19. Qe4 Bxh3 20. Nb3+
Kb6 21. Qxd4+ Kb7 22. Qb4+ Ka6 23. Nc5# 1-0

[Event "Landsturneringen 1975"]
[Site "Oslo NOR"]
[Date "1975.07.08"]
[Round "4"]
[White "Lea, Per"]
[Black "Martinsen, Magne"]
[Result "0-1"]
[WhiteElo "1718"]
[BlackElo "1683"]
[PlyCount "100"]
[EventDate "1975.07.06"]

1. e4 e6 2. d4 d5 3. Nc3 Bb4 4. e5 c6 5. a3 Bxc3+ 6. bxc3 Ne7 7. Qg4 Rg8 8. Bd3
g6 9. Nf3 h5 10. Qg5 Nf5 11. O-O Qxg5 12. Nxg5 b6 13. a4 Ba6 14. Bxa6 Nxa6 15.
Nh7 Rh8 16. Nf6+ Kd8 17. Bg5 Kc7 18. Rfb1 Rab8 19. h3 c5 20. Rd1 cxd4 21. cxd4
Nb4 22. Rab1 Nc6 23. c3 a6 24. Rd2 b5 25. axb5 axb5 26. Rdb2 Na7 27. Ra2 Rb7
28. Rba1 Nc6 29. Bd2 Rhb8 30. g4 hxg4 31. hxg4 Nh4 32. Kf1 Nf3 33. Ke2 Nxd2 34.
Rxd2 b4 35. cxb4 Rxb4 36. Rad1 Rc4 37. Ke3 Rb3+ 38. Rd3 Rxd3+ 39. Rxd3 Nb4 40.
Rb3 Nc2+ 41. Kd3 Nb4+ 42. Ke3 Nc2+ 43. Kd3 Nxd4 44. Ne8+ Kc6 45. Rb8 Nf3 46.
Rc8+ Kd7 47. Ra8 Nxe5+ 48. Kd2 Nxg4 49. Ke2 Rc2+ 50. Kf3 f5 0-1

[Event "Landsturneringen 1975"]
[Site "Oslo NOR"]
[Date "1975.07.09"]
[Round "5"]
[White "Lea, Per"]
[Black "Tannæs, Tore"]
[Result "1/2-1/2"]
[WhiteElo "1718"]
[BlackElo "1683"]
[PlyCount "52"]
[EventDate "1975.07.06"]

1. c4 f5 2. d4 Nf6 3. g3 c6 4. Bg2 g6 5. Nf3 Bg7 6. O-O O-O 7. Nc3 d5 8. b3 Ne4
9. Bb2 Be6 10. Qc2 Nd7 11. Nxe4 fxe4 12. Ng5 Bf5 13. e3 Rc8 14. c5 e5 15. Nh3
exd4 16. Bxd4 Bxd4 17. exd4 Nf6 18. Qd2 Qd7 19. Nf4 Rce8 20. Rae1 g5 21. Ne2 h6
22. Nc3 Bh3 23. f4 exf3 24. Rxf3 Rxe1+ 25. Qxe1 Re8 26. Re3 Bxg2 1/2-1/2

[Event "Landsturneringen 1975"]
[Site "Oslo NOR"]
[Date "1975.07.09"]
[Round "6"]
[White "Onstad, Lars"]
[Black "Lea, Per"]
[Result "1-0"]
[WhiteElo "1768"]
[BlackElo "1718"]
[PlyCount "31"]
[EventDate "1975.07.06"]

1. e4 e5 2. Nf3 Nc6 3. d4 exd4 4. Bc4 Bc5 5. Ng5 Ne5 6. Nxf7 Qe7 7. Nxh8 Nxc4
8. Qh5+ g6 9. Qd5 Nf6 10. Qxc4 d5 11. Qe2 dxe4 12. Bg5 Bg4 13. Bxf6 Bxe2 14.
Bxe7 Kxe7 15. Nxg6+ hxg6 16. Kxe2 1-0

[Event "Landsturneringen 1975"]
[Site "Oslo NOR"]
[Date "1975.07.10"]
[Round "7"]
[White "Lea, Per"]
[Black "Solberg, Gudmund"]
[Result "0-1"]
[WhiteElo "1718"]
[BlackElo "1671"]
[PlyCount "52"]
[EventDate "1975.07.06"]

1. c4 Nf6 2. Nc3 e6 3. g3 c6 4. Bg2 d5 5. cxd5 exd5 6. d4 Bf5 7. Nf3 Nbd7 8.
O-O Bd6 9. Bd2 O-O 10. e3 Re8 11. Rc1 h6 12. Na4 Ne4 13. a3 Qe7 14. b4 Nb6 15.
Nh4 Bh7 16. Nc5 Nxd2 17. Qxd2 Nc4 18. Qc3 b6 19. Nd3 a5 20. b5 cxb5 21. Bxd5
Rac8 22. Bxc4 bxc4 23. Ne5 Bxa3 24. Ra1 Bb4 25. Qc1 Qc7 26. Ng2 f6 0-1

[Event "Landsturneringen 1975"]
[Site "Oslo NOR"]
[Date "1975.07.12"]
[Round "9"]
[White "Lea, Per"]
[Black "Bjerkhaug, Rolf"]
[Result "0-1"]
[WhiteElo "1718"]
[BlackElo "1670"]
[PlyCount "60"]
[EventDate "1975.07.06"]

1. c4 e5 2. Nc3 Nf6 3. g3 c6 4. d4 exd4 5. Qxd4 d6 6. Bg5 Be7 7. Bg2 O-O 8. Rd1
Qb6 9. Qxb6 axb6 10. a3 Bf5 11. Ne4 Bxe4 12. Bxe4 Ra5 13. Bxf6 Bxf6 14. Rd2 Rd8
15. Nf3 b5 16. Bd3 bxc4 17. Bxc4 Rc5 18. Rc2 d5 19. Bd3 Rxc2 20. Bxc2 Bxb2 21.
a4 Re8 22. Kd2 Re7 23. Rb1 Bf6 24. Bf5 Na6 25. Bc8 Nc5 26. a5 g6 27. a6 bxa6
28. Rb6 Rc7 29. Bxa6 Kg7 30. e3 Bc3+ 0-1